00622nam a2200217Ia 4500003000900000008004100009040001300050040001300063041000800076100001700084245003900101250001000140260001100150260000900161300001100170300001000181490000800191942000700199999001700206952018100223IT-RoPAU120407s9999 xx 000 0 und d aIT-RoPAU cIT-RoPAU afra aPaul Ricoeur aLe volontaire et l’involontaire. aParis aAubier c1963 a464 p. c22 cm a270 cBK c34893d34893 00102ddc406241_24000000000000071aPAULUSbPAULUSd2012-04-11l0o241.24r2012-04-11 00:00:00w2012-04-11yBKzInserito da: In data: n.d. fondo: Via A.Severo 56 Progr:23937